000 00603nam a2200181Ia 4500
008 151018s9999 xx 000 0 und d
082 _bRBASDV27896
_a891.462
100 _aकेशव दत्ता
245 _aमाझा कुणा म्हणू मी
250 _b4
260 _bपरमधाम प्रकाशन
_c1990
300 _a89
600 _aकेशव दत्ता
630 _aमाझा कुणा म्हणू मी
700 _aकेशव दत्ता
730 _aमाझा कुणा म्हणू मी
942 _cBOOK
999 _c1027483
_d1027480